<?xml version="1.0" encoding="UTF-8"?>
<collection xmlns="http://www.loc.gov/MARC21/slim">
 <record>
  <leader>01765nam a2200217Ia 4500</leader>
  <controlfield tag="001">CTU_180248</controlfield>
  <controlfield tag="008">210402s9999    xx            000 0 und d</controlfield>
  <datafield tag="020" ind1=" " ind2=" ">
   <subfield code="c">328000</subfield>
  </datafield>
  <datafield tag="082" ind1=" " ind2=" ">
   <subfield code="a">343.59704</subfield>
  </datafield>
  <datafield tag="082" ind1=" " ind2=" ">
   <subfield code="b">Qu609</subfield>
  </datafield>
  <datafield tag="100" ind1=" " ind2=" ">
   <subfield code="a">Nguyễn, Thị Quỳnh</subfield>
  </datafield>
  <datafield tag="245" ind1=" " ind2="0">
   <subfield code="a">Hướng dẫn kê khai,nộp,quyết toán thuế thu nhập cá nhân,kê khai quyết toán thuế thu thập doanh nghiệp và giao dịch liên kết,chống chuyển giá các tình huống giải pháp về thuế</subfield>
  </datafield>
  <datafield tag="245" ind1=" " ind2="0">
   <subfield code="c">Nguyễn Thị Quỳnh</subfield>
  </datafield>
  <datafield tag="260" ind1=" " ind2=" ">
   <subfield code="a">Hà Nội</subfield>
  </datafield>
  <datafield tag="260" ind1=" " ind2=" ">
   <subfield code="b">Lao động- xã hội</subfield>
  </datafield>
  <datafield tag="260" ind1=" " ind2=" ">
   <subfield code="c">2011</subfield>
  </datafield>
  <datafield tag="520" ind1=" " ind2=" ">
   <subfield code="a">Sách gồm 7 phần : phần 1 là hướng dẫn kê khai,nộp và quyết toán thuế thu thập cá nhân.Phần 2 : là hướng dẫn Luật thuế thu thập cá nhân theo nội dung quy định của Luật,Nghị định và thông tư.Phần 3 là Luật thuế thu thập cá nhân và các văn bản hướng dẫn thi hành.Phần 4 là các văn bản pháp luật liên quan đến thuế thu thập cá nhân.Phần 5 là là văn bản mới về thuế thu thập cá nhân và hướng dẫn quyết toán thuế thu thập cá nhân năm 2010.Phần 6 là văn bản mới về thuế thu thập doanh nghiệp và hướng dẫn quyết toán thuế thu thập doanh nghiệp năm 2010.Phần 7 là giải đáp vướng mắc về thuế 2011</subfield>
  </datafield>
  <datafield tag="650" ind1=" " ind2=" ">
   <subfield code="a">Trung tâm học liệu ĐHCT,Taxation</subfield>
  </datafield>
  <datafield tag="650" ind1=" " ind2=" ">
   <subfield code="x">Thuế</subfield>
  </datafield>
  <datafield tag="904" ind1=" " ind2=" ">
   <subfield code="i">Sony</subfield>
  </datafield>
  <datafield tag="980" ind1=" " ind2=" ">
   <subfield code="a">Trung tâm Học liệu Trường Đại học Cần Thơ</subfield>
  </datafield>
 </record>
</collection>
